LIBRARY & INFORMATION CENTRE, KCAET, TAVANUR

ONLINE PUBLIC ACCESS CATALOGUE (OPAC)

Normal view MARC view
  • Gardner, Erle Stanley

Entry Personal Name

Number of records used in: 1

001 - CONTROL NUMBER

  • control field: 5730

003 - CONTROL NUMBER IDENTIFIER

  • control field: OSt

005 - DATE AND TIME OF LATEST TRANSACTION

  • control field: 20231127152307.0

008 - FIXED-LENGTH DATA ELEMENTS

  • fixed length control field: 231127|| aca||aabn | a|a d

040 ## - CATALOGING SOURCE

  • Original cataloging agency: OSt
  • Transcribing agency: OSt

100 ## - HEADING--PERSONAL NAME

  • Personal name: Gardner, Erle Stanley

670 ## - SOURCE DATA FOUND

  • Source citation: Work cat.: (OSt)18063: Gardner, Erle Stanley,, The case of the mythical monkeys /, 1981, c1959.
free website counter